Top 10 Songs by Motley Crue - Statistics

General Stats
  • This quiz has been taken 19 times
  • The average score is 6 of 10
Answer Stats
Hint Answer % Correct
3 Home Sweet Home
85%
1 Kickstart My Heart
77%
7 Shout at the Devil
77%
2 Dr. Feelgood
69%
4 Girls, Girls, Girls
69%
9 Smokin' in the Boys Room
62%
6 Looks That Kill
54%
5 Wild Side
46%
10 Too Young to Fall in Love
38%
8 Same Ol' Situation
31%
No matching quizzes found
Score Distribution
Percent of People with Each Score
Percentile by Number Answered
Your Score History
You have not taken this quiz